Normal view
MARC view
Entry Personal Name
001 - CONTROL NUMBER
- control field: 15517
003 - CONTROL NUMBER IDENTIFIER
- control field: BD-RjUL
005 - DATE AND TIME OF LATEST TRANSACTION
- control field: 20250519110219.0
008 - FIXED-LENGTH DATA ELEMENTS
- fixed length control field: 250519|| aca||aabn | a|a d
040 ## - CATALOGING SOURCE
- Original cataloging agency: BD-RjUL
- Transcribing agency: BD-RjUL
100 ## - HEADING--PERSONAL NAME
- Personal name: خان, محمد مومن ;; Khan, Muhammad Momin
670 ## - SOURCE DATA FOUND
- Source citation: Work cat.: (BD-RjUL)84946: خان, محمد مومن ;; Khan, Muhammad Momin, کلیات مومن ;; kulliat mumen /, 1962